Superficies coloreadas = Colored surfaces /
Kaydedildi:
| Yazar: | |
|---|---|
| Diğer Yazarlar: | |
| Materyal Türü: | Bilinmiyor |
| Baskı/Yayın Bilgisi: |
México :
Secretaría de Relaciones Exteriores ,
2002.
|
| Konular: | |
| Etiketler: |
Etiketle
Etiket eklenmemiş, İlk siz ekleyin!
|
MARC
| LEADER | 000000000a22000000004500 | ||
|---|---|---|---|
| 001 | 003052 | ||
| 020 | |a 9701883853 | ||
| 041 | 0 | |a eng, spa | |
| 082 | 0 | 4 | |a 778.5 |b S959s |
| 100 | 1 | |a Oles, James | |
| 245 | 1 | 0 | |a Superficies coloreadas = |b Colored surfaces / |c James Oles ; Olivier Debroise, traductor. |
| 246 | 3 | 1 | |a Colored surfaces |
| 260 | 1 | |a México : |b Secretaría de Relaciones Exteriores , |c 2002. | |
| 300 | |a 96 páginas : |b ilustraciones a color | ||
| 500 | |a "Fotografías de Mariana Yampolsky, Lourdes Grobet, Melanie Smith, Claudia Fernández " | ||
| 500 | |a Colección George Yudice | ||
| 650 | 4 | |a FOTOGRAFIA ARTISTICA | |
| 650 | 4 | |a MEXICO | |
| 700 | 1 | |a Debroise, Olivier, |e traductor | |
| 999 | |c 9365 |d 9365 | ||
| 942 | |c BK |h 778.5 S959s |2 z | ||



